Manga Shonen (FR) - Statistiques

Statistiques générales
  • Ce quiz a été pris 3 336 fois
  • Le résultat moyen est 25 sur 75
Statistiques - réponses
Auteur Année Indice Personnage Manga % Correct
Hiro MASHIMA 2006 Guilde Natsu Dragnir Fairy Tail
97%
Eiichiro ODA 1997 Pirate Monkey D Luffy One Piece
94%
Hajime ISAYAMA 2009 Géants Eren Jäger L'Attaque des Titans
92%
Masashi KISHIMOTO 1999 Ninja Naruto Uzumaki Naruto
92%
Takeshi OBATA/Tsugumi OHBA 2004 Cahier Light Yagami Death Note
91%
Kouhei HORIKOSHI 2014 Super Héros Izuku Midoriya My Hero Academia
89%
Akira TORIYAMA 1985 Baston Sangoku Dragon Ball
87%
Nakaba SUZUKI 2012 Mercenaires Meliodas Seven Deadly Sins
84%
Tite KUBO 2002 Shinigami Ichigo Kurosaki Bleach
83%
Tôru FUJISAWA 1997 Ecole Eikichi Onizuka GTO
82%
Yûsei MATSUI 2012 Extraterrestre Koro-sensei Assassination Classroom
81%
Yoshihiro TOGASHI 1998 Hunter Gon Freecss Hunter X Hunter
80%
Tadatoshi FUJIMAKI 2009 Basket Tetsuya Kuroko Kuroko's Basket
78%
Hiromu ARAKAWA 2002 Homunculus Edward Elric Fullmetal Alchemist
76%
Kazuki TAKAHASHI 1997 Cartes Yugi Muto Yu-Gi-Oh!
76%
Yoichi TAKAHASHI 1981 Football Tsubasa Ohzora Captain Tsubasa
75%
Atsushi OHKUBO 2004 Ames Soul Eater Evans Soul Eater
74%
George MORIKAWA 1990 Boxe Ippo Makunouchi Ippo
73%
Shun SAEKI/Yûto TSUKUDA/Yuki MORISAKI 2012 Nourriture Sôma Yukihira Food wars !
69%
Gosho AOYAMA 1994 Enquêtes Shinichi Kudo Detective Conan
65%
Kazue KATO 2009 Démons Rin Okumura Blue Exorcist
63%
Masami KURUMADA 1986 Athéna Seiya Saint Seiya
62%
Yana TOBOSO 2007 Majordome Sebastian Michaelis Black Butler
57%
Mitsutoshi SHIMABUKURO 2008 Nourriture Toriko Toriko
57%
Yusuke MURATA/Riichiro INAGAKI 2002 Foot américain Sena Kobayakawa Eyeshield 21
47%
Takehiko INOUE 1991 Basket Hanamichi Sakuragi Slam Dunk
44%
Tetsuo HARA/BURONSON 1984 Post-Apocalypse Kenshiro Hokuto no Ken
36%
Ryuhei TAMURA 2009 Bébé Tatsumi Oga Beelzebub
35%
Rumiko TAKAHASHI 1988 Transformation Ranma Saotome Ranma ½
33%
Nobuhiro WATSUKI 1994 Samurai Kenshin Himura Kenshin le Vagabond
31%
Takeshi OBATA/Tsugumi OHBA 2008 Manga Moritaka Mashiro Bakuman
29%
Yoshihiro TOGASHI 1990 Fantôme Yusuke Urameshi YuYu Hakusho
28%
Akira TORIYAMA 1980 Robot Aralé Dr Slump
23%
Yoshitoki OIMA 2013 Handicap Shoya Ishida A Silent Voice
20%
Tetsuya CHIBA/Asao TAKAMORI 1968 Boxe Joe Yabuki Ashita no Joe
18%
Katsura HOSHINO 2004 Exorciste Allen Walker D.Gray-Man
18%
Yoshiyuki SADAMOTO 1995 Mecha Shinji Ikari Neon Genesis Evangelion
18%
Tsukasa HOJO 1986 Nettoyeur Ryo Saeba City Hunter
17%
Hiroyuki TAKEI 1998 Fantômes Yoh Asakura Shaman King
16%
Akira AMANO 2004 Mafia Tsunayoshi Sawada Reborn!
15%
Jinsei KATAOKA/Kazuma KONDOU 2007 Prison Ganta Igarashi Deadman Wonderland
13%
Jun MOCHIZUKI 2006 Abysse Oz Vessalius Pandora Hearts
13%
Akimine KAMIJYO 1999 Samurai Kyo Samurai Deeper Kyo
13%
Koji INADA/Riku SANJO 1989 Disciples Dai Dragon Quest - La Quête de Dai
12%
Takeshi OBATA/Yumi HOTTA 1999 Jeu Hikaru Shindo Hikaru No Go
12%
OH ! GREAT 2003 Rollers Ikki Minami Air Gear
11%
Ken AKAMATSU 2003 Magie Negi Springfield Negima !
10%
Hiromu ARAKAWA 2011 Agriculture Yûgo Hachiken Silver Spoon
10%
Norihiro YAGI 2001 Démon Claire Claymore
9%
FLIPFLOPS 2012 Survival Kaname Sudo Darwin's Game
9%
Hiro MASHIMA 1999 Demon Card Haru Glory Rave
9%
Seishi KISHIMOTO 2001 Diable Jio Fleed Satan 666
7%
CLAMP 2003 Princesse Shaolan Tsubasa Reservoir Chronicle
6%
CLAMP 2001 Androïde Hideki Motosuwa Chobits
5%
Yôsuke NAKAMARU 2009 Arts Martiaux Gama Kurogane Gamaran
5%
Ken AKAMATSU 1999 Internat Keitarō Urashima Love Hina
5%
Nobuyuki ANZAI 2003 Ärm Ginta Toramizu Mär
5%
Kenta SHINOHARA 2007 Club Fujisaki Yûsuke Sket Dance
5%
Takao KOYANO 2007 Foot Shingo Narita Angel Voice
4%
Kentarô YABUKI 2001 Chronos Train Heartnet Black Cat
4%
Akimine KAMIJYO 2008 Eden Rei Ôgami Code:Breaker
4%
Keiji NAKAZAWA 1975 Bombe Gen Nakaoka Gen d'Hiroshima
4%
Hiroyuki ASADA 2007 Coursier Lag Seeing Letter Bee
4%
Kentarô YABUKI/Saki HASEMI 2006 Inventions Rito Yūki To Love Trouble
4%
Masakazu KATSURA 1986 Super Héros Kenta Hirono Wingman
4%
Yoshinobu YAMADA 2009 Ile déserte Akira Sengoku Cage of Eden
3%
Shimoku KIO 2002 Club Sasahara Kanji Genshiken
3%
Rando AYAMINE/Yuya AOKI 1999 Mugenjo Ginji Amano Get Backers
3%
Yoshiki TONOGAI 2010 Survival Hiroyuki Sakurai Judge
3%
Kentarô SATO 2012 Invasion Kii Kogami Magical Girl of the End
3%
Masakazu KATSURA 1989 Cassette Yota Motéuchi Video Girl Aï
3%
Kouji MEGUMI/Ryô RYUMON 2007 Hacker Fujimaru Takagi Bloody Monday
2%
Yoshiki TONOGAI 2007 Survival Yū Aikawa Doubt
2%
Yasuhiro KANO 2006 Magie Taiga Kuzumi MxZero
2%
Sekihiko INUI 2007 Super Heros Shuto Katsuragi Ratman
2%
Aucun quiz correspondant
Distribution des résultats
% des personnes avec chaque résultat
Percentile par nombre de réponses
Votre historique - résultats
Vous n’avez pas pris ce quiz